| 000 | 00686nam a22002057a 4500 | ||
|---|---|---|---|
| 003 | OSt | ||
| 005 | 20251024011358.0 | ||
| 008 | 251008b |||||||| |||| 00| 0 eng d | ||
| 020 | _a978-1-4129-1113-9. | ||
| 040 |
_aDWCL-Main _cOC |
||
| 082 | _aCirc. 004.678 D637i 2007 | ||
| 100 | _aDochartaigh, Niall O. | ||
| 245 |
_aInternet research skills : _bhow to do your literature search and find research information online |
||
| 260 |
_aLa. : _bSage Pub., _cc2007. |
||
| 300 |
_ax, 169 pages : _billustration ; _c24 cm. |
||
| 504 | _aIncludes bibliographical references and index. | ||
| 650 | _21. Internet resources. | ||
| 650 | _22. Internet searching. | ||
| 942 |
_2ddc _cBK-CIRC _kCirc. _n0 |
||
| 999 |
_c4690 _d4690 |
||